000
00251nam a22001217a 4500
008
170728b xxu||||| |||| 00| 0 eng d
041
_a
ger
080
_a
004
100
_a
31
101
_a
SHK
245
_a
INFROMATION I
_c
VOLZ,V.H
942
_2
udc
_c
BK
999
_c
22070
_d
22070